| 000 | 00449nam a2200169 a 4500 | ||
|---|---|---|---|
| 005 | 20140310183227.0 | ||
| 008 | 040305s19uu xx 00 eng d | ||
| 020 | _a0812532570 | ||
| 050 |
_aPS 3553 _b.C266 1987 |
||
| 100 | _aCard, Orson Scott | ||
| 245 |
_aSpeaker for the dead / _cOrson Scott Card. |
||
| 260 |
_aNew York : _bTom Doherty Asso, _c1987. |
||
| 300 |
_a415 p. : _c17 cm. |
||
| 650 | _aFiction | ||
| 942 |
_cBK _2lcc |
||
| 999 |
_c20422 _d20422 |
||